<?xml version="1.0" encoding="UTF-8"?>
<record
    xmlns:xsi="http://www.w3.org/2001/XMLSchema-instance"
    xsi:schemaLocation="http://www.loc.gov/MARC21/slim http://www.loc.gov/standards/marcxml/schema/MARC21slim.xsd"
    xmlns="http://www.loc.gov/MARC21/slim">

  <leader>03370nam a2200577Ia 4500</leader>
  <controlfield tag="001">489</controlfield>
  <controlfield tag="008">241029s9999    xx            000 0 und d</controlfield>
  <datafield tag="010" ind1=" " ind2=" ">
    <subfield code="a">453</subfield>
  </datafield>
  <datafield tag="041" ind1=" " ind2=" ">
    <subfield code="a">Espa&#xF1;ol</subfield>
  </datafield>
  <datafield tag="082" ind1=" " ind2=" ">
    <subfield code="a">MGE N49 2013</subfield>
  </datafield>
  <datafield tag="245" ind1=" " ind2="0">
    <subfield code="a">Transici&#xF3;n del Liceo Nocturno Francisco Jos&#xE9; Peinado a Instituto Polit&#xE9;cnico en el marco de una nueva visi&#xF3;n del proceso de gesti&#xF3;n de Centros Educativos Distrito Educativo 04-03 San Crist&#xF3;bal, Rep&#xFA;blica Dominicana 2005-2011. Estudio de caso</subfield>
  </datafield>
  <datafield tag="260" ind1=" " ind2=" ">
    <subfield code="a">Santo Domingo</subfield>
  </datafield>
  <datafield tag="300" ind1=" " ind2=" ">
    <subfield code="a">103</subfield>
  </datafield>
  <datafield tag="520" ind1=" " ind2=" ">
    <subfield code="a">9</subfield>
  </datafield>
  <datafield tag="630" ind1=" " ind2=" ">
    <subfield code="a">Centros Educativos</subfield>
  </datafield>
  <datafield tag="630" ind1=" " ind2=" ">
    <subfield code="a">Formaci&#xF3;n</subfield>
  </datafield>
  <datafield tag="630" ind1=" " ind2=" ">
    <subfield code="a">Gesti&#xF3;n</subfield>
  </datafield>
  <datafield tag="630" ind1=" " ind2=" ">
    <subfield code="a">Gesti&#xF3;n Escolar</subfield>
  </datafield>
  <datafield tag="650" ind1=" " ind2=" ">
    <subfield code="a">Gesti&#xF3;n Educativa</subfield>
  </datafield>
  <datafield tag="690" ind1=" " ind2=" ">
    <subfield code="a">Elaborado</subfield>
  </datafield>
  <datafield tag="700" ind1=" " ind2=" ">
    <subfield code="e">asesor</subfield>
    <subfield code="a">Bautista P&#xE9;rez , Juan </subfield>
  </datafield>
  <datafield tag="700" ind1=" " ind2=" ">
    <subfield code="e">autor</subfield>
    <subfield code="a">Nivar Valenzuela , Elvin Roberto </subfield>
  </datafield>
  <datafield tag="700" ind1=" " ind2=" ">
    <subfield code="e">autor</subfield>
    <subfield code="a">Mercedes Lorenzo , Casilda </subfield>
  </datafield>
  <datafield tag="700" ind1=" " ind2=" ">
    <subfield code="e">autor</subfield>
    <subfield code="a">Acosta , V&#xED;ctor</subfield>
  </datafield>
  <datafield tag="901" ind1=" " ind2=" ">
    <subfield code="a">{"1":"Nivar Valenzuela ","2":"Mercedes Lorenzo ","3":"Acosta "}</subfield>
    <subfield code="b">{"1":"Elvin Roberto ","2":"Casilda ","3":"V&#xED;ctor"}</subfield>
  </datafield>
  <datafield tag="902" ind1=" " ind2=" ">
    <subfield code="a">1</subfield>
  </datafield>
  <datafield tag="903" ind1=" " ind2=" ">
    <subfield code="a">{"1":"Bautista P&#xE9;rez "}</subfield>
    <subfield code="b">{"1":"Juan "}</subfield>
  </datafield>
  <datafield tag="904" ind1=" " ind2=" ">
    <subfield code="a">Mag&#xED;ster en</subfield>
  </datafield>
  <datafield tag="905" ind1=" " ind2=" ">
    <subfield code="a">Educaci&#xF3;n</subfield>
  </datafield>
  <datafield tag="906" ind1=" " ind2=" ">
    <subfield code="a">1</subfield>
  </datafield>
  <datafield tag="907" ind1=" " ind2=" ">
    <subfield code="a">Menci&#xF3;n en</subfield>
  </datafield>
  <datafield tag="908" ind1=" " ind2=" ">
    <subfield code="a">Gesti&#xF3;n de Centros Educativos</subfield>
  </datafield>
  <datafield tag="909" ind1=" " ind2=" ">
    <subfield code="a">Universidad Nacional Evang&#xE9;lica (UNEV), Recinto Santo Domingo</subfield>
  </datafield>
  <datafield tag="910" ind1=" " ind2=" ">
    <subfield code="a">NULL</subfield>
    <subfield code="b">NULL</subfield>
  </datafield>
  <datafield tag="911" ind1=" " ind2=" ">
    <subfield code="a">["1"]</subfield>
  </datafield>
  <datafield tag="912" ind1=" " ind2=" ">
    <subfield code="a">NO APLICA</subfield>
  </datafield>
  <datafield tag="913" ind1=" " ind2=" ">
    <subfield code="a">NULL</subfield>
  </datafield>
  <datafield tag="914" ind1=" " ind2=" ">
    <subfield code="a">01 de Noviembre de 2012</subfield>
  </datafield>
  <datafield tag="915" ind1=" " ind2=" ">
    <subfield code="a">18/09/14 09:09</subfield>
  </datafield>
  <datafield tag="916" ind1=" " ind2=" ">
    <subfield code="a">NULL</subfield>
  </datafield>
  <datafield tag="917" ind1=" " ind2=" ">
    <subfield code="a">NULL</subfield>
  </datafield>
  <datafield tag="918" ind1=" " ind2=" ">
    <subfield code="a">NO APLICA</subfield>
  </datafield>
  <datafield tag="919" ind1=" " ind2=" ">
    <subfield code="a">["33","200","111","201"]</subfield>
  </datafield>
  <datafield tag="520" ind1=" " ind2=" ">
    <subfield code="a">Los objetivos principales del estudio consistieron en analizar los mecanismos de transici&#xF3;n del Liceo Nocturno Francisco Jos&#xE9; Peinado a Instituto Polit&#xE9;cnico en el proceso de gesti&#xF3;n e identificaci&#xF3;n de la transici&#xF3;n del Liceo ha provocado la transformaci&#xF3;n e innovaci&#xF3;n del proceso de gesti&#xF3;n del nuevo Instituto Polit&#xE9;cnico.La metodolog&#xED;a utilizada fue el m&#xE9;todo te&#xF3;rico y pr&#xE1;ctico. &#xA0;Se fundament&#xF3; en el an&#xE1;lisis y como instrumento se utiliz&#xF3; la encuesta, la entrevista y el cuestionario.&#xA0;Se trabaj&#xF3; con una poblaci&#xF3;n de 24 supervisores distritales, &#xA0;1 director, 42 docentes, 880 estudiantes y 880 padres, madres o tutores. Como muestra se tom&#xF3; 6 supervisores equivalente a un 25%, el director del centro, 7 docentes para un 15% de la poblaci&#xF3;n, 125 alumnos equivalente a un 15% y 125 padres, madres o tutores.El estudio concluy&#xF3; que se evidenci&#xF3; un cambio en el aspecto curricular, en el horario y en la categor&#xED;a de los estudiantes, que solo no ha sido un cambio de nombre, sino tambi&#xE9;n es en el marco normativo, Pedag&#xF3;gico, calendario escolar, cultura organizativo, misi&#xF3;n, visi&#xF3;n y poblaci&#xF3;n estudiantil, 2l 67% de los supervisores consideran que los factores que motivaron el proceso de transici&#xF3;n fueron de gesti&#xF3;n y socio econ&#xF3;mico y el 33% solo de gesti&#xF3;n.El estudio recomend&#xF3; que el MINERD, tome m&#xE1;s en cuenta la Modalidad T&#xE9;cnica Profesional y as&#xED; crear Polit&#xE9;cnico a nivel nacional, que la Regional y el Distrito le den m&#xE1;s apoyo al Polit&#xE9;cnico y que el director le de seguimiento a los egresados del Polit&#xE9;cnico para verificar su inserci&#xF3;n al mundo laboral.</subfield>
  </datafield>
  <datafield tag="921" ind1=" " ind2=" ">
    <subfield code="a">16</subfield>
  </datafield>
  <datafield tag="922" ind1=" " ind2=" ">
    <subfield code="a">16</subfield>
  </datafield>
  <datafield tag="923" ind1=" " ind2=" ">
    <subfield code="a">0</subfield>
  </datafield>
  <datafield tag="924" ind1=" " ind2=" ">
    <subfield code="a">NO APLICA</subfield>
  </datafield>
  <datafield tag="942" ind1=" " ind2=" ">
    <subfield code="c">Tesis</subfield>
  </datafield>
  <datafield tag="999" ind1=" " ind2=" ">
    <subfield code="c">453</subfield>
    <subfield code="d">453</subfield>
  </datafield>
</record>
